Kliknij na odpowiednie państwo - Statystyki

Ogólne statystyki
  • Ten quiz został rozwiązany 92 razy
  • Średni wynik to 18 z 45
Odpowiedzi na mapie
Odpowiedzi zakodowano w zielono-czerwonej skali na mapie do tego quizu, zgodnie z poniższymi procentami.
 
Statystyki odpowiedzi
Odpowiedź % Poprawnych
Vaduz
74%
Dublin
62%
Valletta
62%
Rotterdam
60%
Watykan
60%
Zurych
58%
Monako
57%
Neapol
57%
Paryż
57%
Luksemburg
55%
Reykjavik
55%
Glasgow
53%
Salzburg
53%
Lizbona
51%
Sankt Petersburg
51%
San Marino
51%
Ostrawa
49%
Saloniki
49%
Walencja
49%
Lwów
47%
Brześć
45%
Bydgoszcz
45%
Stuttgart
45%
Antwerpia
43%
Koszyce
40%
Daugavpils
38%
Tromso
32%
Debreczyn
30%
Kuresaare
30%
Oulu
28%
Prizren
28%
Kłajpeda
26%
Nowy Sad
26%
Aarhus
25%
Makarska
25%
Warna
25%
Tetowo
23%
Karlskrona
21%
Kotor
21%
Durres
19%
Koper
19%
Orgiejów
19%
Bacau
17%
Escaldes-Engordany
15%
Neum
13%
Nie znaleziono quizów pasujących do podanych kryteriów
Rozkład punktacji
Procent ludzi z każdym wynikiem
Percentyl według liczby udzielonych odpowiedzi
Twoja historia wyników
Nie rozwiązałeś tego quizu